000 00615nam a2200253Ia 4500
005 20260121161042.0
008 008 260114s9999 xx 000 0 eng d
020 _a9780203799536
037 _aEBOOK
040 _aCRL
040 _beng
040 _cCRL
041 _2eng
041 _aeng
084 _qCRL
100 _a Christopher B. Barrett; Dan Maxwell
_91039615
245 0 _aFood Aid After Fifty Years
260 _bTaylor and Francis
260 _c2005
856 _uhttp://www.taylorfrancis.com/books/9780203799536
942 _cEBOOK
999 _c1606431
_d1606431